Demanda laboral del sector construcción en Costa Rica y su componente migratorio /
La presente investigación hace referencia al sector de la construcción y su fuerza de trabajo, principalmente en la dinámica reciente de esta actividad, las expectativas para el futuro próximo y las implicaciones para la oferta y la demanda de mano de obra migrante. Concretamente hace referencia a d...
Gardado en:
| Autor Corporativo: | |
|---|---|
| Formato: | Desconocido |
| Idioma: | Spanish |
| Publicado: |
Costa Rica :
Infoterra Editores,
|
| Materias: | |
| Etiquetas: |
Engadir etiqueta
Sen Etiquetas, Sexa o primeiro en etiquetar este rexistro!
|
MARC
| LEADER | 00000 a2200000 04500 | ||
|---|---|---|---|
| 001 | 40321 | ||
| 003 | |||
| 008 | 050701s2009 cr spa d | ||
| 040 | |||
| 020 | |a 978-9968-9516-7-8 | ||
| 022 | |a 978-9968-9516-7-8 | ||
| 090 | |a 1002 O-68d | ||
| 110 | |a Organización Internacional para las Migraciones | ||
| 245 | |a Demanda laboral del sector construcción en Costa Rica y su componente migratorio / |c Organización Internacional para las Migraciones | ||
| 260 | |a Costa Rica : |b Infoterra Editores, | ||
| 300 | |a 60 páginas | ||
| 520 | |a La presente investigación hace referencia al sector de la construcción y su fuerza de trabajo, principalmente en la dinámica reciente de esta actividad, las expectativas para el futuro próximo y las implicaciones para la oferta y la demanda de mano de obra migrante. Concretamente hace referencia a datos generales acerca del sector; a su evolución en Costa Rica; la descripción del volumen de dicha actividad recientemente; los proyectos que se han desarrollado en Guanacaste y el Pacífico Central; la demanda y oferta laboral; los componentes migratorios relacionados con el sector; y al convenio y procedimiento para el ingreso de mano de obra nicaragüense al país. | ||
| 590 | |a AMB/SETIEMBRE2014 | ||
| 650 | |a A)INDUSTRIA DE LA CONSTRUCCION | ||
| 650 | |a B)MIGRACION | ||
| 650 | |a C)TRABAJADORES | ||
| 650 | |a D)NICARAGUA | ||
| 650 | |a E)COSTA RICA | ||
| 999 | |c 15831 |d 15831 | ||



